000 00445cam a2200181ua 4500
020 _cRs 5.25
041 _aeng
_h
082 _a621.165
_bSHL/ST
100 _aShlyakhin, P .
245 _aSteam turbines /
_cP Shlyakhin.
_hTextual Documents
250 _a1 /
_b.
260 _aMoscow :
_bForeign Language Publishing House ,
_c1965.
300 _a239 ; .
365 _aRs 5.25
504 _a
942 _cBK
999 _c1881
_d1881